Vyhláška Ministerstva školstva Slovenskej republiky č. 41/1996 Z.z. z 26. januára 1996 o odbornej spôsobilosti pedagogických pracovníkov ...

Znenie vyhlášky MŠ SR č. 41/1996 Z.z. z 26. januára 1996 o odbornej a pedagogickej spôsobilosti pedagogických pracovníkov v znení neskorších predpisov a vyhlášky č. 379/2000 Z.z.

Na minha lista:
Detalhes bibliográficos
Formato: Capítulo de Livro
Idioma:eslovaco
Assuntos:
Tags: Adicionar Tag
Sem tags, seja o primeiro a adicionar uma tag!

MARC

LEADER 00000naa a2200000 4500
001 r040357
005 20230926084230.7
041 0 |a slo 
044 |a SK 
245 1 0 |a Vyhláška Ministerstva školstva Slovenskej republiky č. 41/1996 Z.z. z 26. januára 1996 o odbornej spôsobilosti pedagogických pracovníkov ... 
520 |a Znenie vyhlášky MŠ SR č. 41/1996 Z.z. z 26. januára 1996 o odbornej a pedagogickej spôsobilosti pedagogických pracovníkov v znení neskorších predpisov a vyhlášky č. 379/2000 Z.z. 
610 2 0 |a učitelia 
610 2 0 |a odbornosť 
610 2 0 |a pedagogika 
610 2 0 |a prax odborná 
610 2 0 |a vyhlášky 
610 2 0 |a MŠ SR Bratislava 
610 2 0 |a 1996-2000